00243nam a2200085Ia 4500008004100000245006600041260002200107440000600129521002200135140130s9999 xx 000 0 und d cAbott, TonyaThe secrets of droon: pirates of the purple dawn bScholastic,c2007 v1 aGrade 3 - Grade 4